[Event "OMA-ch 11th"]
[Site "Muscat"]
[Date "2024.01.27"]
[Round "5"]
[White "Al Hooti, Mansoor"]
[Black "Shimas, Said Issa"]
[Result "0-1"]
[WhiteElo "1255"]
[BlackElo "1601"]
[PlyCount "40"]
[EventDate "2024.01.24"]
[EventType "swiss"]
[EventRounds "9"]
[EventCountry "OMN"]
[SourceTitle "CB06_2024"]
[SourceDate "2024.02.07"]
[SourceVersion "1"]
[SourceVersionDate "2024.02.07"]
[SourceQuality "1"]

1. d4 c5 2. c3 Nf6 3. Bf4 e6 4. e3 b6 5. Nf3 Bb7 6. Bd3 d6 7. h3 Be7 8. Nbd2 Nbd7 9. Qe2 0-0 10. 0-0 a6 11. Nc4 Qc7 12. Rad1 b5 13. Ncd2 e5 14. dxe5 dxe5 15. Bh2 Bd6 16. Bb1 Qc6 17. c4 Rfe8 18. b3 Rad8 19. Kh1 Nf8 20. Ng5 Qxg2# 0-1

[Event "OMA-ch 11th"]
[Site "Muscat"]
[Date "2024.01.25"]
[Round "2"]
[White "Shimas, Said Issa"]
[Black "Al Abri, Ahmed Hamad"]
[Result "1-0"]
[WhiteElo "1601"]
[BlackElo "1324"]
[PlyCount "59"]
[EventDate "2024.01.24"]
[EventType "swiss"]
[EventRounds "9"]
[EventCountry "OMN"]
[SourceTitle "CB06_2024"]
[SourceDate "2024.02.07"]
[SourceVersion "1"]
[SourceVersionDate "2024.02.07"]
[SourceQuality "1"]

1. e4 c6 2. d4 d5 3. e5 Bf5 4. Nc3 e6 5. g4 Bg6 6. Nge2 Nd7 7. Nf4 c5 8. h4 cxd4 9. Qxd4 Bxc2 10. Qd2 Be4 11. Nxe4 dxe4 12. Bb5 a6 13. Ba4 b5 14. Bb3 Nxe5 15. Qe2 Bb4+ 16. Kf1 Nf6 17. g5 Nfg4 18. Rg1 Nh2+ 19. Kg2 Nef3 20. Rd1 Qe7 21. Qxe4 0-0 22. Be3 h6 23. Rh1 hxg5 24. Nh3 gxh4 25. Rxh2 Nxh2 26. Ng5 g6 27. Qxh4 Qb7+ 28. Kxh2 Bd6+ 29. Kg1 f6 30. Bxe6+ 1-0